Statistiques concernant Commerces d'Animal Crossing New Leaf

Cliquez ici pour prendre le quiz!

Statistiques générales

  • Ce quiz a été pris 59 fois
  • Le résultat moyen est 4 sur 11

Statistiques - réponses

HintRéponse% Correct
ThibouMusée
100%
Dr Ciboulot/Kéké LaglisseClub MDR
60%
Opélie/ElisabecPoste
60%
AstridMaison de la fortune
45%
BlaiseA l'Aise Chaussures
32%
Layette, Cousette et MariaBoutique des soeurs Doigts de Fée
32%
Tom NookNook Immobilier
23%
RobustoCafé Robusto
9%
GinetteChez l'Estétichien
6%
SerenaInstitut du Rêve
6%
Méli et MéloMagasin de Méli et Mélo/Brico Mélimélo/Galeries Méliomélo
4%

Distribution des résultats

Percentile par nombre de réponses

% des personnes avec chaque résultat

Votre développement - résultats

Vous n’avez pas pris ce quiz